[Event "26th EUR-ch"]
[Site "Katowice POL"]
[Date "2026.04.18"]
[Round "10.6"]
[White "Gumularz, Szymon"]
[Black "Aizenberg, Benny"]
[Result "1/2-1/2"]
[WhiteElo "2590"]
[BlackElo "2451"]
[EventDate "2026.04.07"]
[PlyCount "133"]

1.e4 c5 2.Nf3 d6 3.d4 cxd4 4.Nxd4 Nf6 5.Nc3 a6 6.g3 e5 7.Nb3 Be7 8.Bg5 
Nbd7 9.a4 b6 10.Bc4 Bb7 11.Qe2 O-O 12.O-O Ne8 13.Be3 Bg5 14.Bxg5 Qxg5 15.
Rad1 Qe7 16.Rd2 Ndf6 17.Rfd1 Qc7 18.f3 Kh8 19.Kg2 Ng8 20.Bd5 Ne7 21.Bxb7 
Qxb7 22.Rd3 Qc6 23.Nc1 Rd8 24.N1a2 Nc7 25.Qd2 Nc8 26.Nb4 Qb7 27.Nbd5 Ne6 
28.Ne3 Nd4 29.Nf5 Nxf5 30.exf5 f6 31.Ne4 Qc6 32.Nxd6 Nxd6 33.Rxd6 Rxd6 34.
Qxd6 Qxc2+ 35.Rd2 Qc8 36.Qxb6 h5 37.b4 Qc1 38.Rf2 Qb1 39.Qxa6 Qxb4 40.Qb5 
Qa3 41.Qc4 Rd8 42.Ra2 Qe3 43.Qf7 h4 44.Qh5+ Kg8 45.Qxh4 Qb3 46.Rf2 Rd4 47.
Qh5 Qxa4 48.Rb2 Rb4 49.Rxb4 Qxb4 50.Qe8+ Kh7 51.Qg6+ Kg8 52.Qg4 Qd2+ 53.
Kh3 Kf8 54.Qe4 Qh6+ 55.Kg2 Qd2+ 56.Kg1 Kg8 57.Qc4+ Kh7 58.Qh4+ Kg8 59.Qc4+
Kh7 60.Qf1 Qc2 61.g4 Qd2 62.Qf2 Qf4 63.Qe2 Qc1+ 64.Kg2 Kh8 65.h4 Kh7 66.
Qd3 Qe1 67.Kh3 1/2-1/2

[Event "26th EUR-ch"]
[Site "Katowice POL"]
[Date "2026.04.18"]
[Round "10.7"]
[White "Muradli, Mahammad"]
[Black "Meshkovs, Nikita"]
[Result "1-0"]
[WhiteElo "2605"]
[BlackElo "2532"]
[EventDate "2026.04.07"]
[PlyCount "129"]

1.d4 Nf6 2.c4 e6 3.Nf3 Bb4+ 4.Bd2 c5 5.Bxb4 cxb4 6.Nbd2 O-O 7.e3 b6 8.Bd3 
Bb7 9.O-O d6 10.Re1 Re8 11.Nf1 Nbd7 12.e4 e5 13.Ng3 g6 14.Qd2 a5 15.Rad1 
Rc8 16.b3 Nf8 17.Bb1 N6d7 18.h4 Qf6 19.h5 Re7 20.Re3 Ne6 21.dxe5 dxe5 22.
Rd3 Nec5 23.Rd6 Qf4 24.Qe2 Rc6 25.R6d2 Nf6 26.Ne1 Ne6 27.Nc2 Qh4 28.Ne3 
Re8 29.Nd5 Nd4 30.Qe1 Nxh5 31.Nxh5 Qxh5 32.f4 f6 33.Qe3 Rd6 34.Rf1 Bxd5 
35.exd5 Nf5 36.Bxf5 Qxf5 37.Re2 Qc8 38.Qg3 Qc5+ 39.Kh2 e4 40.f5 Re5 41.Rf4
Rd7 42.Rexe4 Rde7 43.Rxe5 Rxe5 44.Rg4 Qe7 45.fxg6 Rh5+ 46.Kg1 Qc5+ 47.Kf1 
Rh1+ 48.Ke2 Qe7+ 49.Kd2 f5 50.Qb8+ Kg7 51.gxh7+ fxg4 52.Qg8+ Kf6 53.h8=Q+ 
Rxh8 54.Qxh8+ Kg5 55.Qd4 Qd6 56.Qe3+ Kh4 57.Qf2+ Kg5 58.g3 Kg6 59.Qf4 Qd7 
60.Kd3 a4 61.Ke4 axb3 62.axb3 Qc8 63.Qd6+ Kg5 64.Qe5+ Kg6 65.Qe6+ 1-0

[Event "26th EUR-ch"]
[Site "Katowice POL"]
[Date "2026.04.18"]
[Round "10.8"]
[White "Deac, Bogdan-Daniel"]
[Black "Pultinevicius, Paulius"]
[Result "1-0"]
[WhiteElo "2655"]
[BlackElo "2562"]
[EventDate "2026.04.07"]
[PlyCount "97"]

1.c4 Nf6 2.Nc3 e5 3.e3 Nc6 4.Nf3 Bb4 5.Nd5 e4 6.Ng1 O-O 7.a3 Bd6 8.Qc2 Re8
9.Nh3 b6 10.d3 Bb7 11.Nxf6+ Qxf6 12.d4 Ne7 13.Bd2 c5 14.Bc3 cxd4 15.Bxd4 
Qe6 16.O-O-O Rac8 17.Ng5 Qg6 18.h4 Bb8 19.Kb1 d5 20.g4 h6 21.Nh3 dxc4 22.
h5 Qe6 23.g5 c3 24.gxh6 Qxh6 25.Rg1 Nf5 26.Bxc3 Be5 27.Bb5 Bc6 28.Ba6 Rb8 
29.Bxe5 Rxe5 30.Bc4 Be8 31.Nf4 Nh4 32.Rd5 Qf6 33.Rxe5 Qxe5 34.Bd5 Nf3 35.
Rd1 Ng5 36.Ng6 Qh2 37.Nf4 Bb5 38.a4 Ba6 39.Qc7 Rc8 40.Qxa7 Bd3+ 41.Nxd3 
exd3 42.Qd7 Rf8 43.Qf5 Qxh5 44.Rxd3 Qe2 45.Rd4 Nh7 46.Qf3 Qe1+ 47.Rd1 Qa5 
48.Rh1 Qa6 49.e4 1-0

[Event "26th EUR-ch"]
[Site "Katowice POL"]
[Date "2026.04.18"]
[Round "10.9"]
[White "Donchenko, Alexander"]
[Black "Gavrilescu, David"]
[Result "1-0"]
[WhiteElo "2642"]
[BlackElo "2545"]
[EventDate "2026.04.07"]
[PlyCount "115"]

1.d4 d5 2.c4 e6 3.Nf3 Nf6 4.Nc3 c6 5.Bg5 h6 6.Bxf6 Qxf6 7.a3 dxc4 8.e3 Nd7
9.Bxc4 g6 10.O-O Bg7 11.e4 e5 12.d5 Nb6 13.Be2 O-O 14.dxc6 bxc6 15.Qc2 a5 
16.Nd2 Be6 17.Nb3 Qe7 18.Nb1 Rfd8 19.Nc5 Bc8 20.Nd3 Ba6 21.Nc1 Bb7 22.Nd2 
c5 23.Na2 Rd4 24.Nc3 Rad8 25.Rad1 Bc6 26.Bb5 Bxb5 27.Nxb5 Rd3 28.Nc3 Qd6 
29.Nb3 c4 30.Nxa5 Rd7 31.Nd5 Rd4 32.Rxd4 exd4 33.Nxb6 Qxb6 34.Nxc4 Qb7 35.
Qd3 Re7 36.Re1 h5 37.h3 Qb5 38.b3 f5 39.f3 fxe4 40.Rxe4 Rb7 41.Re1 Qg5 42.
a4 Re7 43.Rxe7 Qxe7 44.Kf1 Qg5 45.Qd2 Qf5 46.Ke2 Qb1 47.Qd3 Qa2+ 48.Nd2 
Kh7 49.f4 Qb2 50.g4 hxg4 51.hxg4 Qa1 52.Qh3+ Kg8 53.g5 Qc1 54.Qe6+ Kh7 55.
f5 gxf5 56.Qxf5+ Kh8 57.g6 Qc6 58.Qe4 1-0

[Event "26th EUR-ch"]
[Site "Katowice POL"]
[Date "2026.04.18"]
[Round "10.10"]
[White "Hovhannisian, Robert"]
[Black "Razafindratsima, Timothe"]
[Result "1/2-1/2"]
[WhiteElo "2621"]
[BlackElo "2537"]
[EventDate "2026.04.07"]
[PlyCount "112"]

1.e4 c5 2.Nf3 d6 3.d4 cxd4 4.Nxd4 Nf6 5.Nc3 a6 6.Be2 e5 7.Nb3 Be7 8.Bg5 
Be6 9.Bxf6 Bxf6 10.Qd3 Nc6 11.O-O-O Be7 12.Nd5 O-O 13.Kb1 a5 14.Nxe7+ Qxe7
15.Qxd6 Qf6 16.f3 Nd4 17.Rxd4 exd4 18.Qxd4 Bxb3 19.Qxf6 Bxc2+ 20.Kxc2 gxf6
21.Bc4 Rac8 22.Kd3 Rfd8+ 23.Bd5 b5 24.h4 Rc5 25.b4 axb4 26.Rb1 Rc3+ 27.Kd4
Rc2 28.Ke3 Rxg2 29.Rxb4 Rd7 30.Rxb5 Ra7 31.Kf4 Kg7 32.Rb1 Rh2 33.Rg1+ Kf8 
34.Kg3 Rhxa2 35.Bxa2 Rxa2 36.Kg4 Ra5 37.Rd1 Kg7 38.Kf4 Rh5 39.Kg3 Ra5 40.
Kg4 Rb5 41.Rd5 Rb1 42.Kh5 Rg1 43.Rf5 Rg6 44.Rf4 h6 45.Rf5 Rg3 46.Rf4 Rg6 
47.Rg4 Kh7 48.Rxg6 fxg6+ 49.Kg4 h5+ 50.Kg3 g5 51.hxg5 fxg5 52.f4 gxf4+ 53.
Kxf4 Kg6 54.e5 Kf7 55.Kg5 Ke6 56.Kxh5 Kxe5 1/2-1/2

[Event "26th EUR-ch"]
[Site "Katowice POL"]
[Date "2026.04.18"]
[Round "10.11"]
[White "Seemann, Jakub"]
[Black "Ivanchuk, Vasyl"]
[Result "1/2-1/2"]
[WhiteElo "2545"]
[BlackElo "2621"]
[EventDate "2026.04.07"]
[PlyCount "113"]

1.c4 c5 2.Nf3 Nf6 3.Nc3 d5 4.cxd5 Nxd5 5.e4 Nb4 6.Bc4 Nd3+ 7.Ke2 Nf4+ 8.
Kf1 Nd3 9.Qe2 Nxc1 10.Rxc1 e6 11.h4 Nc6 12.e5 Bd7 13.Qe3 Qb6 14.Qf4 h6 15.
Rh3 Rd8 16.Kg1 Na5 17.Bd3 Bc6 18.Be4 Bxe4 19.Nxe4 Nc6 20.d4 Nxd4 21.Nxd4 
Rxd4 22.Rf3 Qc7 23.Nf6+ Kd8 24.Qxd4+ cxd4 25.Rxc7 Kxc7 26.Ne4 Kc6 27.Rxf7 
Bb4 28.a3 Ba5 29.Rxg7 d3 30.Kf1 Bc7 31.Nd6 Rd8 32.Re7 Bb6 33.Rxe6 Kd5 34.
Re7 Bd4 35.Ke1 Bxb2 36.Kd2 Bxa3 37.Rxb7 a5 38.Nf7 Rg8 39.g3 Bc5 40.Nxh6 
Rf8 41.Ng4 a4 42.Kxd3 a3 43.Rb5 Rf3+ 44.Ne3+ Kc6 45.Ra5 Rxf2 46.Nc2 Rg2 
47.Nd4+ Bxd4 48.Kxd4 Rxg3 49.e6 Kd6 50.Ra6+ Ke7 51.Ke5 Re3+ 52.Kf5 Rf3+ 
53.Kg5 Rg3+ 54.Kf4 Rh3 55.h5 Rxh5 56.Rxa3 Kxe6 57.Ke4 1/2-1/2

[Event "26th EUR-ch"]
[Site "Katowice POL"]
[Date "2026.04.18"]
[Round "10.12"]
[White "Korobov, Anton"]
[Black "Brunello, Sabino"]
[Result "1-0"]
[WhiteElo "2610"]
[BlackElo "2516"]
[EventDate "2026.04.07"]
[PlyCount "119"]

1.e4 e5 2.Nf3 Nc6 3.Bc4 Nf6 4.d3 Be7 5.Nc3 d6 6.a4 O-O 7.O-O Be6 8.Nd5 
Bxd5 9.exd5 Nb4 10.d4 Nbxd5 11.dxe5 dxe5 12.Nxe5 c6 13.c3 Qc7 14.Nf3 Rad8 
15.Qc2 Rfe8 16.Re1 h6 17.Bd2 a5 18.Re2 Bc5 19.Rae1 Rxe2 20.Rxe2 Qc8 21.h3 
Re8 22.Qd3 Rxe2 23.Qxe2 Qd8 24.Kf1 Kf8 25.Bd3 Qb6 26.Bc1 Bd6 27.g3 Qc7 28.
Nd4 Bc5 29.Nb3 Be7 30.Bc2 Nd7 31.Nd4 Qe5 32.Qg4 N5f6 33.Qf5 h5 34.Bf4 Qxf5
35.Nxf5 Nd5 36.Nxe7 Kxe7 37.Bd2 Ne5 38.Ke2 b5 39.f4 Nc4 40.Bc1 Kd6 41.Kd3 
Ncb6 42.axb5 cxb5 43.Kd4 Ne7 44.b3 Nc6+ 45.Kd3 Nd5 46.Bd1 g6 47.Bf3 f5 48.
h4 Nc7 49.Ba3+ b4 50.Bc1 bxc3 51.Kxc3 Nd5+ 52.Kc4 Nf6 53.Ba3+ Kd7 54.Bc5 
Ne4 55.Bxe4 fxe4 56.Kd5 Ne7+ 57.Bxe7 Kxe7 58.Kxe4 Ke6 59.Kf3 Kd5 60.g4 1-0

[Event "26th EUR-ch"]
[Site "Katowice POL"]
[Date "2026.04.18"]
[Round "10.13"]
[White "Santos Latasa, Jaime"]
[Black "Stefansson, Vignir Vatnar"]
[Result "1/2-1/2"]
[WhiteElo "2610"]
[BlackElo "2512"]
[EventDate "2026.04.07"]
[PlyCount "60"]

1.c4 e6 2.Nc3 d5 3.d4 Be7 4.cxd5 exd5 5.Bf4 Nf6 6.e3 O-O 7.Bd3 c5 8.Nge2 
Nc6 9.O-O Bg4 10.dxc5 Bxc5 11.h3 Bxe2 12.Nxe2 Qe7 13.a3 Rad8 14.Rc1 Bb6 
15.Re1 Ne4 16.Bxe4 Qxe4 17.Qc2 Qxc2 18.Rxc2 Rfe8 19.Rd1 d4 20.exd4 Nxd4 
21.Nxd4 Rxd4 22.Rxd4 Bxd4 23.Rd2 Bb6 24.Kf1 h6 25.Rd7 Rc8 26.Rxb7 Rc2 27.
Be3 Rxb2 28.Bxb6 axb6 29.a4 Ra2 30.Rxb6 Rxa4 1/2-1/2

[Event "26th EUR-ch"]
[Site "Katowice POL"]
[Date "2026.04.18"]
[Round "10.14"]
[White "Subelj, Jan"]
[Black "Maurizzi, Marc`Andria"]
[Result "1/2-1/2"]
[WhiteElo "2543"]
[BlackElo "2608"]
[EventDate "2026.04.07"]
[PlyCount "62"]

1.e4 c5 2.Nf3 Nc6 3.Bb5 Nf6 4.Bxc6 dxc6 5.d3 Qc7 6.a4 e5 7.Na3 Bg4 8.h3 
Bh5 9.Nc4 Nd7 10.g4 Bg6 11.Nh4 O-O-O 12.Bd2 f6 13.Nxg6 hxg6 14.g5 f5 15.h4
Kb8 16.Qf3 f4 17.h5 b5 18.Ba5 Nb6 19.axb5 cxb5 20.Bxb6 axb6 21.Na3 c4 22.
Nxb5 Qc6 23.dxc4 Qxc4 24.Qe2 Qb4+ 25.c3 Qb3 26.Na7 Kc7 27.h6 gxh6 28.Nb5+ 
Kb8 29.Na7 Kc7 30.Nb5+ Kb8 31.Na7 Kc7 1/2-1/2

[Event "26th EUR-ch"]
[Site "Katowice POL"]
[Date "2026.04.18"]
[Round "10.15"]
[White "Gokerkan, Cem Kaan"]
[Black "Schoppen, Casper"]
[Result "1/2-1/2"]
[WhiteElo "2501"]
[BlackElo "2588"]
[EventDate "2026.04.07"]
[PlyCount "174"]

1.Nf3 d5 2.g3 Nf6 3.Bg2 e6 4.O-O Be7 5.c4 O-O 6.d4 dxc4 7.Qc2 b5 8.a4 b4 
9.Nfd2 Nd5 10.Nxc4 c5 11.dxc5 Bxc5 12.e4 Nb6 13.Ncd2 N8d7 14.a5 Ba6 15.
axb6 Rc8 16.Qd1 Qxb6 17.Nb3 Bxf1 18.Qxf1 h6 19.Nxc5 Qxc5 20.Nd2 Qc2 21.Nf3
Nc5 22.Nd4 Qd3 23.Be3 Rfd8 24.Nb5 Nb3 25.Nxa7 Nxa1 26.Qxd3 Rxd3 27.Nxc8 
Nc2 28.Bf1 Rd1 29.Nb6 Nxe3 30.fxe3 Rc1 31.Nc4 Rc2 32.Bd3 b3 33.h4 h5 34.
Kf1 g6 35.Be2 e5 36.Ke1 Kg7 37.Nd2 Rxb2 38.Bd1 Ra2 39.Bxb3 Ra3 40.Ke2 f6 
41.Bd5 Ra1 42.Nc4 Kf8 43.Nd6 Ke7 44.Nf7 Ra7 45.Kf3 Kf8 46.Nd6 Ra1 47.Nb5 
Rf1+ 48.Kg2 Rc1 49.Na3 Ke7 50.Nc4 Ra1 51.Kf3 Rf1+ 52.Ke2 Ra1 53.Nd2 Rc1 
54.Bb3 Rc3 55.Bd1 Rc1 56.Nb3 Rc3 57.Kd2 Rc8 58.Be2 Ra8 59.Nc1 Rb8 60.Nd3 
Rb1 61.Bd1 Kd6 62.Kc2 Rb8 63.Bf3 Ke7 64.Kd2 Rb1 65.Ke2 Rb8 66.Kf2 Rb3 67.
Be2 Kf8 68.Nc5 Rb4 69.Kf3 Ke7 70.Na6 Rb7 71.Nc5 Rb4 72.Nd3 Ra4 73.Nb2 Rb4 
74.Nd1 Rb3 75.Nf2 Kf8 76.Bc4 Rc3 77.Bd5 Ra3 78.Be6 Kg7 79.Bd7 Ra7 80.Bc8 
Ra8 81.Bh3 Ra3 82.Nd1 Rb3 83.Be6 Rb6 84.Bd5 Rb1 85.Nc3 Rf1+ 86.Kg2 Re1 87.
Kf2 Rc1 1/2-1/2

[Event "26th EUR-ch"]
[Site "Katowice POL"]
[Date "2026.04.18"]
[Round "10.16"]
[White "Klimkowski, Jan"]
[Black "Iturrizaga Bonelli, Eduardo"]
[Result "1/2-1/2"]
[WhiteElo "2498"]
[BlackElo "2575"]
[EventDate "2026.04.07"]
[PlyCount "85"]

1.e4 c5 2.Nf3 Nc6 3.d4 cxd4 4.Nxd4 e5 5.Nb5 d6 6.c4 Nf6 7.Bd3 Be7 8.O-O 
O-O 9.N1c3 a6 10.Na3 Be6 11.Nc2 Nd7 12.b3 Rc8 13.Bb2 Bg5 14.Be2 Nc5 15.Bg4
Qa5 16.h3 Kh8 17.Re1 b5 18.Nd5 Qd8 19.cxb5 axb5 20.Ncb4 Nxb4 21.Nxb4 Qa5 
22.Nd5 Qa7 23.Nc3 Qb8 24.b4 Nd7 25.Be2 Nf6 26.Bxb5 Rxc3 27.Bxc3 Qxb5 28.
Qxd6 Nd7 29.a4 Qc4 30.Bxe5 Re8 31.Bg3 Be7 32.Qc7 Qxb4 33.a5 Bf6 34.Bd6 Qd2
35.e5 Bh4 36.Qa7 h6 37.a6 Bd8 38.Qe3 Qxe3 39.Rxe3 Bb6 40.Rea3 Ra8 41.a7 
Bd4 42.Rd1 Bb6 43.Rda1 1/2-1/2

[Event "26th EUR-ch"]
[Site "Katowice POL"]
[Date "2026.04.18"]
[Round "10.17"]
[White "Bazakutsa, Svyatoslav"]
[Black "Finek, Vaclav"]
[Result "1/2-1/2"]
[WhiteElo "2477"]
[BlackElo "2571"]
[EventDate "2026.04.07"]
[PlyCount "173"]

1.c4 c5 2.Nf3 g6 3.d4 cxd4 4.Nxd4 Bg7 5.e4 Nc6 6.Be3 Nf6 7.Nc3 O-O 8.Be2 
d6 9.O-O Nxd4 10.Bxd4 Bd7 11.Qc2 Qc7 12.Rac1 Rfc8 13.b3 Bc6 14.Qd3 a5 15.
Rcd1 Re8 16.a3 Nd7 17.b4 axb4 18.axb4 Bxd4 19.Qxd4 Nf6 20.Ra1 Rec8 21.f4 
Rxa1 22.Rxa1 e5 23.fxe5 dxe5 24.Qe3 Qd6 25.b5 Bd7 26.Rd1 Qa3 27.Rf1 Nxe4 
28.Qxe4 Qxc3 29.Rf3 Qa1+ 30.Bf1 Be6 31.Qxb7 Rxc4 32.b6 e4 33.Rf4 e3 34.Qa7
Rc1 35.Qxa1 Rxa1 36.b7 Rb1 37.Re4 Rxb7 38.Rxe3 Rb4 39.Be2 Kg7 40.Bf3 h5 
41.Re4 Rb3 42.Rd4 Kf6 43.h4 Ke5 44.Re4+ Kd6 45.Kf2 Ra3 46.Rd4+ Ke5 47.Re4+
Kf6 48.Rf4+ Kg7 49.Rd4 Ra5 50.Ke3 Kh6 51.Kf2 Bf5 52.Be4 Bg4 53.Bf3 Ra2+ 
54.Kg3 Ra3 55.Kf2 Bxf3 56.gxf3 Kg7 57.Kg3 Ra5 58.Rb4 Kf6 59.Rb6+ Kf5 60.
Rb4 Rd5 61.Rf4+ Ke6 62.Re4+ Re5 63.Ra4 Rc5 64.Re4+ Kd6 65.Rd4+ Ke7 66.Re4+
Kf8 67.Rf4 Rc7 68.Re4 Kg7 69.Rf4 Rd7 70.Kf2 Rd5 71.Kg3 f6 72.Ra4 g5 73.
Ra7+ Kg6 74.Ra4 Kf5 75.Rb4 Rd3 76.Rb5+ Kg6 77.hxg5 fxg5 78.Rb6+ Kf5 79.
Rb5+ Kf6 80.Rb6+ Kf7 81.Rh6 h4+ 82.Kg4 Kg7 83.Rh5 Kf6 84.Rxg5 Rxf3 85.Kxf3
Kxg5 86.Kg2 h3+ 87.Kxh3 1/2-1/2

[Event "26th EUR-ch"]
[Site "Katowice POL"]
[Date "2026.04.18"]
[Round "10.18"]
[White "Andersen, Mads"]
[Black "Ghimpu, Samuel-Timotei"]
[Result "1/2-1/2"]
[WhiteElo "2562"]
[BlackElo "2443"]
[EventDate "2026.04.07"]
[PlyCount "95"]

1.e4 e6 2.d4 d5 3.Nd2 c5 4.Ngf3 cxd4 5.Nxd4 Nc6 6.Bb5 Bd7 7.Nxc6 bxc6 8.
Bd3 Bd6 9.Qe2 e5 10.c4 d4 11.c5 Bxc5 12.Nc4 Bb4+ 13.Bd2 Qe7 14.Rc1 Nh6 15.
O-O Bxd2 16.Qxd2 O-O 17.Na5 Rac8 18.b4 f5 19.Rc5 Ng4 20.exf5 Kh8 21.Qe2 
Qh4 22.h3 Nh6 23.Rxe5 Bxf5 24.Bxf5 Nxf5 25.Nxc6 Rxc6 26.Rxf5 Rcc8 27.Rxf8+
Rxf8 28.b5 h6 29.Rd1 Qf6 30.Rd2 Rc8 31.Rd1 Qd6 32.Qd3 Rd8 33.Rc1 Qd5 34.a4
Qa2 35.Rc4 Qa1+ 36.Kh2 Qe1 37.Rc2 Qb4 38.Rc4 Qe1 39.Qg3 d3 40.Qc7 Qe8 41.
Rc1 d2 42.Rd1 Rd3 43.Qf4 Qe2 44.Qf8+ Kh7 45.Qf5+ Kh8 46.Qf8+ Kh7 47.Qf5+ 
Kh8 48.Qf8+ 1/2-1/2

[Event "26th EUR-ch"]
[Site "Katowice POL"]
[Date "2026.04.18"]
[Round "10.19"]
[White "Kovalenko, Igor"]
[Black "Janik, Igor"]
[Result "1-0"]
[WhiteElo "2685"]
[BlackElo "2504"]
[EventDate "2026.04.07"]
[PlyCount "145"]

1.Nf3 Nf6 2.d4 e6 3.c4 Bb4+ 4.Nbd2 Be7 5.g3 c5 6.dxc5 Na6 7.Bg2 Nxc5 8.O-O
a5 9.Nb3 O-O 10.Nxc5 Bxc5 11.Ne5 Be7 12.Nd3 d6 13.Bf4 Ra7 14.Qb3 b6 15.
Rfd1 Nd7 16.Rd2 Ba6 17.Qa4 Qb8 18.Bc6 Nf6 19.Rad1 Rc8 20.b3 h6 21.Ne1 e5 
22.Be3 Qc7 23.Bg2 Rb8 24.Nc2 Ng4 25.h3 Nxe3 26.Nxe3 Bg5 27.Nd5 Qc5 28.e3 
f5 29.h4 b5 30.Qxa5 Bd8 31.Qc3 bxc4 32.b4 Qb5 33.Qc2 Rf7 34.Nc3 Qe8 35.
Rxd6 Bb7 36.Qa4 Qf8 37.Bxb7 Rfxb7 38.Qc6 Be7 39.Rd7 Rxd7 40.Rxd7 Bxb4 41.
Qxc4+ Kh8 42.Nd5 Qe8 43.Qc6 Bf8 44.Kg2 Rc8 45.Nc7 f4 46.Qe6 Qxe6 47.Nxe6 
fxe3 48.fxe3 Re8 49.Nc7 Rb8 50.Kf3 Kg8 51.a4 Rb7 52.Ke4 Ra7 53.Kf5 Rxa4 
54.Ne6 Ra8 55.e4 Re8 56.h5 Ra8 57.g4 Rb8 58.Kxe5 Rb5+ 59.Kf4 Ba3 60.Rxg7+ 
Kh8 61.Rg6 Bc1+ 62.Kf3 Rb3+ 63.Ke2 Rb2+ 64.Kd3 Rd2+ 65.Kc4 Kh7 66.Nd4 Rg2 
67.e5 Bg5 68.Kd5 Rxg4 69.Ne6 Rg1 70.Nxg5+ hxg5 71.e6 g4 72.e7 Rd1+ 73.Ke6 
1-0

[Event "26th EUR-ch"]
[Site "Katowice POL"]
[Date "2026.04.18"]
[Round "10.20"]
[White "Kilic, Eray"]
[Black "Sargsian, Shant"]
[Result "1/2-1/2"]
[WhiteElo "2502"]
[BlackElo "2647"]
[EventDate "2026.04.07"]
[PlyCount "91"]

1.e4 c6 2.d4 d5 3.e5 Bf5 4.Nf3 e6 5.Be2 a6 6.O-O Bg6 7.c3 c5 8.Be3 Nd7 9.
Nbd2 Nh6 10.dxc5 Bxc5 11.Bxc5 Nxc5 12.Nb3 Nd7 13.Bd3 Bh5 14.Re1 Bxf3 15.
Qxf3 Qg5 16.Qe2 g6 17.Nd4 Rc8 18.g3 Nf5 19.Bxf5 gxf5 20.Rac1 Rg8 21.c4 Qf4
22.Qh5 Qxd4 23.cxd5 Rxc1 24.Rxc1 Kd8 25.Qxf7 Rf8 26.Qxh7 Qxe5 27.dxe6 Qxe6
28.Qh4+ Rf6 29.Qh8+ Ke7 30.Qg7+ Qf7 31.Qh8 f4 32.Re1+ Re6 33.Rd1 Rd6 34.
Re1+ Re6 35.Rd1 f3 36.h3 Qg6 37.Qc8 Rd6 38.Re1+ Re6 39.Rd1 Ne5 40.Qxb7+ 
Kf6 41.Qc8 Kg7 42.Re1 Qf5 43.g4 Qf6 44.Qc3 Kg6 45.Qc8 Kg7 46.Qc3 1/2-1/2

[Event "26th EUR-ch"]
[Site "Katowice POL"]
[Date "2026.04.18"]
[Round "10.21"]
[White "Bjerre, Jonas Buhl"]
[Black "Zanan, Evgeny"]
[Result "1-0"]
[WhiteElo "2623"]
[BlackElo "2497"]
[EventDate "2026.04.07"]
[PlyCount "67"]

1.e4 e5 2.Nf3 Nc6 3.Bc4 Nf6 4.d3 Bc5 5.a3 d6 6.h3 h6 7.Nc3 a6 8.Be3 Bxe3 
9.fxe3 Be6 10.Rf1 d5 11.exd5 Nxd5 12.Bxd5 Bxd5 13.Qe2 Be6 14.O-O-O b5 15.
g4 O-O 16.Qg2 Qd7 17.d4 exd4 18.exd4 Bc4 19.Rf2 b4 20.axb4 f6 21.d5 Ne7 
22.Rfd2 a5 23.b5 a4 24.Nd4 a3 25.b3 a2 26.Kb2 Qd6 27.Ka1 Bxd5 28.Nxd5 Qxd5
29.Qxd5+ Nxd5 30.Ne6 Nc3 31.Nxf8 Nxd1 32.Ne6 Nc3 33.Nxc7 Rb8 34.Rd3 1-0

[Event "26th EUR-ch"]
[Site "Katowice POL"]
[Date "2026.04.18"]
[Round "10.22"]
[White "Indjic, Aleksandar"]
[Black "Paichadze, Luka"]
[Result "1-0"]
[WhiteElo "2616"]
[BlackElo "2490"]
[EventDate "2026.04.07"]
[PlyCount "83"]

1.d4 Nf6 2.c4 e6 3.Nc3 Bb4 4.Qc2 O-O 5.e4 d5 6.e5 Ne4 7.Bd3 c5 8.Nf3 cxd4 
9.Nxd4 Nd7 10.Bf4 Qh4 11.g3 Qh5 12.O-O Bxc3 13.bxc3 g5 14.Bc1 Nxe5 15.Ba3 
Nxd3 16.Qxd3 Rd8 17.cxd5 exd5 18.f3 Nd6 19.Rfe1 Qg6 20.Qxg6+ hxg6 21.g4 
Kg7 22.Bxd6 Rxd6 23.Re8 b6 24.Rae1 Rd7 25.R1e7 Rxe7 26.Rxe7 Ba6 27.Kg2 Bc4
28.a3 a6 29.Rb7 b5 30.Kg3 Re8 31.h4 gxh4+ 32.Kxh4 Re3 33.f4 Rxc3 34.Kg5 
Re3 35.f5 Kg8 36.Kf6 gxf5 37.Rb8+ Kh7 38.g5 f4 39.Kxf7 Bd3 40.Rb6 Rh3 41.
Ne6 d4 42.Kf6 1-0

[Event "26th EUR-ch"]
[Site "Katowice POL"]
[Date "2026.04.18"]
[Round "10.23"]
[White "Rodshtein, Maxim"]
[Black "Licznerski, Lukasz"]
[Result "1-0"]
[WhiteElo "2598"]
[BlackElo "2486"]
[EventDate "2026.04.07"]
[PlyCount "37"]

1.e4 c5 2.Nf3 e6 3.d4 cxd4 4.Nxd4 Nc6 5.Nc3 Qc7 6.Be3 a6 7.Qf3 b5 8.Nxc6 
dxc6 9.e5 Ne7 10.a4 b4 11.Ne4 Nd5 12.Qg3 Nxe3 13.fxe3 Bb7 14.O-O-O c5 15.
Nd6+ Bxd6 16.exd6 Qd7 17.Qxg7 O-O-O 18.Qe5 Qxa4 19.d7+ 1-0

[Event "26th EUR-ch"]
[Site "Katowice POL"]
[Date "2026.04.18"]
[Round "10.24"]
[White "Olsen, Filip Boe"]
[Black "Dardha, Daniel"]
[Result "0-1"]
[WhiteElo "2474"]
[BlackElo "2596"]
[EventDate "2026.04.07"]
[PlyCount "70"]

1.d4 Nf6 2.c4 e6 3.Nf3 d5 4.g3 Bb4+ 5.Bd2 Be7 6.Bg2 Ne4 7.O-O c6 8.Be3 Nd7
9.Nbd2 f5 10.Ne1 Nd6 11.Rc1 h5 12.Nd3 h4 13.Bf4 g5 14.Be5 Nxe5 15.Nxe5 
hxg3 16.hxg3 Bf6 17.Qa4 O-O 18.Qa3 Kg7 19.Rfd1 a5 20.Qe3 Bd7 21.c5 f4 22.
Qd3 Bxe5 23.dxe5 Nf5 24.Ne4 Be8 25.Qd2 Bh5 26.Nf6 Rxf6 27.exf6+ Qxf6 28.
gxf4 gxf4 29.Qxf4 e5 30.Qd2 Rg8 31.Rc3 Kf7 32.Rf1 Nd4 33.Kh1 Bxe2 34.Rg1 
Bf3 35.Rxf3 Nxf3 0-1

[Event "26th EUR-ch"]
[Site "Katowice POL"]
[Date "2026.04.18"]
[Round "10.25"]
[White "Samunenkov, Ihor"]
[Black "Ahmad, Khagan"]
[Result "1/2-1/2"]
[WhiteElo "2596"]
[BlackElo "2483"]
[EventDate "2026.04.07"]
[PlyCount "285"]

1.d4 Nf6 2.c4 e6 3.Nf3 d5 4.Nc3 Bb4 5.cxd5 exd5 6.Bg5 h6 7.Bh4 O-O 8.e3 
Bf5 9.Be2 Nbd7 10.O-O c6 11.Qb3 Qb6 12.Nd2 Rfe8 13.Rfc1 Be7 14.Bg3 a5 15.
a4 Bb4 16.h3 Rac8 17.Bh2 c5 18.Nf3 c4 19.Qd1 Bxc3 20.bxc3 Ne4 21.Nd2 Qg6 
22.Nxe4 Bxe4 23.Bg3 Re6 24.Bh5 Qg5 25.Bg4 f5 26.Bf3 Rcc6 27.Bxe4 fxe4 28.
Rab1 Rb6 29.Bc7 Rg6 30.Qg4 Qxg4 31.hxg4 Rb3 32.Bxa5 Nf6 33.Rxb3 cxb3 34.g5
Ng4 35.c4 dxc4 36.Bc3 hxg5 37.Bb2 Rf6 38.Rf1 Rc6 39.d5 Rd6 40.Rd1 Nf6 41.
Rd4 Rxd5 42.Rxc4 Ng4 43.Bd4 b5 44.axb5 Rxb5 45.Bb2 Rd5 46.Bd4 Rf5 47.f3 
exf3 48.gxf3 Rxf3 49.Rc8+ Kh7 50.Kg2 Rf2+ 51.Kg3 Rc2 52.Rb8 Nf2 53.Kf3 Kg6
54.Rxb3 g4+ 55.Kf4 Rc7 56.e4 Rf7+ 57.Kg3 Nxe4+ 58.Kxg4 Rd7 59.Rb4 Nd6 60.
Ra4 Nf7 61.Be3 Ne5+ 62.Kf4 Re7 63.Bd4 Nc6 64.Rc4 Re6 65.Bc3 Ne7 66.Rc5 Kh6
67.Kg4 Re4+ 68.Kf3 Ra4 69.Re5 Ng6 70.Bd2+ Kh7 71.Rh5+ Kg8 72.Be3 Kf7 73.
Rb5 Ke6 74.Kg3 Ra3 75.Kf2 Ra4 76.Kg3 Ne5 77.Bf4 Ra3+ 78.Kh4 Nd7 79.Bg3 Rd3
80.Bf4 Rd1 81.Kg3 Nf6 82.Re5+ Kf7 83.Kf3 Rd3+ 84.Re3 Rd7 85.Re5 Rb7 86.Kg3
Rb3+ 87.Re3 Rb1 88.Re5 Rf1 89.Be3 Rd1 90.Kf3 Rd7 91.Kg3 Nd5 92.Bg5 Nc7 93.
Be3 Kf6 94.Rc5 Ne6 95.Rc3 Kf5 96.Bf2 g5 97.Rf3+ Kg6 98.Ra3 Ng7 99.Be3 Nf5+
100.Kf3 Kh5 101.Bxg5 Kxg5 102.Ra5 Rd4 103.Ra8 Kf6 104.Rb8 Nd6 105.Ra8 Rb4 
106.Ke3 Ke5 107.Ra5+ Nb5 108.Kf3 Kf5 109.Kg3 Ke4 110.Ra8 Nd6 111.Ra1 Nc4 
112.Kg4 Ne3+ 113.Kg5 Rb5+ 114.Kg6 Rc5 115.Kf6 Ng4+ 116.Ke7 Rc6 117.Re1+ 
Ne3 118.Kd7 Rh6 119.Ke7 Kf4 120.Kd7 Nf5 121.Rf1+ Ke5 122.Re1+ Kd5 123.Rd1+
Nd4 124.Kd8 Rh7 125.Ke8 Ra7 126.Kd8 Ke5 127.Kc8 Nc2 128.Kd8 Ne3 129.Re1 
Kd6 130.Ke8 Nc4 131.Rd1+ Ke6 132.Re1+ Ne5 133.Kd8 Ra3 134.Rh1 Rd3+ 135.Kc7
Rc3+ 136.Kb7 Kd6 137.Rh6+ Kd5 138.Rh5 Rg3 139.Kb6 Rg2 140.Kb5 Rb2+ 141.Ka5
Rb1 142.Ka4 Kd4 143.Rh4+ 1/2-1/2

[Event "26th EUR-ch"]
[Site "Katowice POL"]
[Date "2026.04.18"]
[Round "10.26"]
[White "Lupulescu, Constantin"]
[Black "Ohanian, Emin"]
[Result "1/2-1/2"]
[WhiteElo "2587"]
[BlackElo "2481"]
[EventDate "2026.04.07"]
[PlyCount "83"]

1.d4 d5 2.Nf3 Nf6 3.e3 e6 4.Nbd2 b6 5.Bb5+ Nbd7 6.Bc6 Rb8 7.e4 Ba6 8.Ne5 
Bd6 9.Bxd7+ Nxd7 10.Nc6 Qg5 11.Nxb8 Nxb8 12.Qf3 Nc6 13.c3 Qg6 14.Kd1 O-O 
15.Re1 Na5 16.b3 Rc8 17.Bb2 c5 18.Rc1 Bb7 19.e5 Be7 20.g3 Ba6 21.h4 Nc6 
22.Re3 Rf8 23.a3 f6 24.exf6 Bxf6 25.Rxe6 Ne7 26.dxc5 Bc8 27.Qe2 Bxe6 28.
Qxe6+ Kh8 29.cxb6 axb6 30.Rc2 Re8 31.g4 h5 32.f3 Kh7 33.Rc1 Qd3 34.Qe2 Qg6
35.Qe6 Qd3 36.g5 Nf5 37.Qxe8 Be7 38.Qxh5+ Kg8 39.Qe8+ Kh7 40.Qh5+ Kg8 41.
Qe8+ Kh7 42.Qh5+ 1/2-1/2

[Event "26th EUR-ch"]
[Site "Katowice POL"]
[Date "2026.04.18"]
[Round "10.27"]
[White "Amar, Elham"]
[Black "Bronstein, Or"]
[Result "1-0"]
[WhiteElo "2586"]
[BlackElo "2481"]
[EventDate "2026.04.07"]
[PlyCount "103"]

1.e4 c5 2.Nf3 d6 3.d4 cxd4 4.Nxd4 Nf6 5.Nc3 a6 6.Bc4 e6 7.a3 Be7 8.Ba2 O-O
9.Qe2 b5 10.g4 d5 11.exd5 b4 12.axb4 Bxb4 13.Bd2 exd5 14.O-O-O Re8 15.Qd3 
Bxg4 16.Rde1 Bxc3 17.Bxc3 Rxe1+ 18.Rxe1 Qd6 19.f3 Bd7 20.Nf5 Bxf5 21.Qxf5 
Nbd7 22.Rd1 Qe6 23.Qd3 Ne5 24.Bxe5 Qxe5 25.Bxd5 Qf4+ 26.Kb1 Nxd5 27.Qxd5 
Rf8 28.Rd2 g6 29.c4 Rc8 30.Rc2 Re8 31.Ka2 Re5 32.Qa8+ Kg7 33.Qxa6 Qf5 34.
Qd6 Ra5+ 35.Kb1 Re5 36.Qd4 f6 37.Qa7+ Kh6 38.Qf2 Qe6 39.c5 Re1+ 40.Rc1 Re2
41.Qh4+ Kg7 42.Qc4 Qf5+ 43.Ka2 Qxf3 44.c6 Re4 45.Qb3 Qf4 46.Qb7+ Kh6 47.c7
Ra4+ 48.Kb3 Qxc1 49.c8=Q Qd1+ 50.Qc2 Qa1 51.Qd2+ g5 52.Qd3 1-0

[Event "26th EUR-ch"]
[Site "Katowice POL"]
[Date "2026.04.18"]
[Round "10.28"]
[White "Yilmaz, Mustafa"]
[Black "Pantsulaia, Levan"]
[Result "1/2-1/2"]
[WhiteElo "2582"]
[BlackElo "2472"]
[EventDate "2026.04.07"]
[PlyCount "78"]

1.d4 d5 2.c4 dxc4 3.e4 b5 4.a4 c6 5.axb5 cxb5 6.Nc3 Qb6 7.Nd5 Qb7 8.Bf4 e5
9.Bxe5 Nd7 10.Ne2 Nxe5 11.dxe5 Bd7 12.Nec3 Ne7 13.Be2 Rc8 14.Bg4 Ng6 15.f4
Bc5 16.Bxd7+ Qxd7 17.Ra5 a6 18.Rxa6 Qb7 19.Ra5 Nxf4 20.Nxf4 Bb4 21.Qa1 
Qxe4+ 22.Ne2 Qxe5 23.O-O Bxa5 24.Qxa5 Rb8 25.Qb4 Qe7 26.Qxe7+ Kxe7 27.Nd4 
b4 28.Nc6+ Kd6 29.Nxb8 bxc3 30.Rd1+ Ke6 31.bxc3 Rxb8 32.Rd4 Rc8 33.h4 h5 
34.Kf2 f6 35.g3 g5 36.hxg5 fxg5 37.Kg2 Ke5 38.Kf2 Kf5 39.Kg2 Ke5 1/2-1/2